Ejercicios y problemas de matemática introductoria (Registro nro. 5162)
[ vista simple ]
| 000 -Cabecera | |
|---|---|
| Campo de control de longitud fija | 00843aam a2200349 4500 |
| 005 - Fecha y hora de la última transacción | |
| Campo de control | 20251107164620.0 |
| 008 - Elementos de longitud fija--Información general | |
| Campo de control de longitud fija | 150506b2010 xxu||||| |||| 00| 0 spa d |
| 020 ## - International Standard Book Number | |
| Número Internacional Estándar del Libro (ISBN) | 978997765303 |
| 041 ## - Idioma | |
| Código de idioma | Español |
| 082 ## - Clasificación Decimal Dewey | |
| Número de clasificación | 510 A385e |
| 100 ## - Entrada principal--Autor personal | |
| Nombre personal | Alfaro Arce, Ana Lucia |
| 9 (RLIN) | 35228 |
| 100 ## - Entrada principal--Autor personal | |
| Nombre personal | Alpízar Vargas, Marianela |
| 9 (RLIN) | 82957 |
| 100 ## - Entrada principal--Autor personal | |
| Nombre personal | Chaves Salas, Leonel |
| 9 (RLIN) | 82956 |
| 245 ## - Título propiamente dicho | |
| Título | Ejercicios y problemas de matemática introductoria |
| 260 ## - Pie de imprenta | |
| Lugar de publicación, distribución, etc. | Costa Rica |
| 260 ## - Pie de imprenta | |
| Nombre del editor, distribuidor, etc. | EUNA |
| 260 ## - Pie de imprenta | |
| Fecha de publicación, distribución, etc. | 2010 |
| 300 ## - Descripción física | |
| Extensión | 192 páginas |
| 490 ## - Serie | |
| Título de la Serie | Temática General |
| 650 ## - Materia general | |
| Temática (materia general) | MATEMÁTICAS |
| 650 ## - Materia general | |
| Temática (materia general) | NÚMEROS REALES |
| 650 ## - Materia general | |
| Temática (materia general) | ÁLGEBRA |
| 650 ## - Materia general | |
| Temática (materia general) | FUNCIONES |
| 650 ## - Materia general | |
| Temática (materia general) | GEOMETRÍA |
| 650 ## - Materia general | |
| Temática (materia general) | TRIGONOMETRÍA |
| 942 ## - Punto de acceso adicional KOHA | |
| Tipo de ítem KOHA | Libro |
| Fuente del sistema de clasificación o colocación | Dewey Decimal Classification |
| Signatura completa | Código de barras | Programa Académico | Tipo de ítem |
|---|---|---|---|
| 510 A385e | 14157 | Libro |